Les premiers dessins des albums de Tintin - Statistiques

Statistiques générales
  • Ce quiz a été pris 67 fois
  • Le résultat moyen est 17 sur 23
Statistiques - réponses
Par images Réponse % Correct
L'étoile mystérieuse
98%
Tintin en Amérique
98%
Tintin au Congo
90%
Tintin au pays des Soviets
90%
Les bijoux de la Castafiore
88%
L'oreille cassée
85%
On a marché sur la Lune
85%
Vol 714 pour Sydney
85%
Le temple du soleil
83%
Tintin au pays de l'or noir
83%
Le lotus bleu
80%
Tintin au Tibet
80%
Le sceptre d'Ottokar
73%
Coke en stock
71%
Les cigares du Pharaon
71%
Le secret de la Licorne
71%
Le trésor de Rackham le rouge
71%
L'île noire
66%
Le crabe aux pinces d'or
63%
Les 7 boules de cristal
59%
L'Affaire tournesol
56%
Tintin et les Picaros
51%
Objectif Lune
49%
Aucun quiz correspondant
Distribution des résultats
% des personnes avec chaque résultat
Percentile par nombre de réponses
Votre historique - résultats
Vous n’avez pas pris ce quiz